000 00846nam a2200289Ia 4500
003 OSt
005 20221006142842.0
006 a|||||r|||| 00| 0
007 ta
008 221006b |||||||| |||| 00| 0 eng d
020 _a9780691020525
_c
_15.00
024 _a7,356
037 _bGift, Japan Foundation
_cTextual
040 _aEASL
_cEASL
_beng
041 _2eng
_aeng
082 _aV42.N45, N1
100 _aHARDACRE Helen
_9648228
245 0 _aShinto and the state, 1868-1988
260 _aPrinceton
_bPrinceton University Press
_c1992
300 _a203p.
_ccm.
490 _aStudies in Church and State
650 _a JEL
650 _a Shinto - History
_9648549
650 _aShinto and state
_9648550
942 _hV42.N45, N1
_cTEXL
_2CC
999 _c1075442
_d1075442